MARC

LEADER 00000nam a2200000Ia 4500
001 19447 ; 28957
003 AGDB
005 20260324181510.0
008 160829s2007 xx 000 0 cat d
017 |a B 30644-2007 
020 |a 9788461161136 
040 |a agdb  |b cat 
041 |a cat  |a spa 
100 1 |a Roig, Josep Lluís,  |d 1947-  |9 25568 
245 |a Recordar es vivir :   |b Mundet... un pequeño mundo (sus primeros años) /   |b José Luis Roig Rodríguez ; coautor: José Manuel Tames Castaño 
250 |a Segona edició: juliol 2007 ;   |b edició ampliada 
260 |a Barcelona :  |b Imprenta Policrom ;   |c 2007 
300 |a 288 pàg :  |b il·lustracions b/n ;  |c 31 cm. 
546 |a Alguns fragments dels textos es troben en català i castellà. 
590 |a Inclou la 'Trobada' del 3-10-2004.  
590 |a Exemplar signat pels autors.  
590 |a En estoig.  
590 |a Exemplar numerat amb el núm. 34.  
590 |a S'ha utilitzat el fons de l'Arxiu General de la Diputació de Barcelona 
610 2 0 |a Llars Mundet  |x Història  |9 54212 
610 0 |a Llars Mundet  |9 3004 
650 |a Orfenats  |x Barcelona  |9 37281 
650 0 |a Infants  |x Assistència institucional  |x Història  |z Barcelona (Catalunya : Província)  |9 72334 
650 0 |a Infants  |x Assistència institucional  |x Història  |z Catalunya  |9 72335 
650 0 |a Persones amb discapacitat  |x Assistència institucional  |x Història  |z Barcelona (Catalunya : Província)  |9 72339 
650 0 |a Persones amb discapacitat  |x Assistència institucional  |x Història  |z Catalunya  |9 72338 
650 0 |a Persones grans  |x Assistència institucional  |x Història  |z Barcelona (Catalunya : Província)  |9 72336 
650 0 |a Persones grans  |x Assistència institucional  |x Història  |z Catalunya  |9 72337 
650 0 |a Beneficència  |z Barcelona (Catalunya)  |x Història   |9 43026 
700 |a Tames Castaño, José Manuel,  |d 1946-  |9 25567 
901 |a Arxiu 
942 |n 1  |2 udc  |c MON 
952 |0 0  |1 0  |4 0  |6 FOL330  |7 1  |9 51891  |a Arxiu  |b Arxiu  |d 2016-12-01  |l 0  |o FOL-3-30  |p 19447  |r 2016-12-01 00:00:00  |w 2016-12-01  |y ARXIU 
952 |0 0  |1 0  |4 0  |6 BIB1346  |7 1  |9 98304  |a Arxiu  |b Arxiu  |d 2025-07-21  |l 0  |o Bib-1346  |p 28957  |r 2025-07-21 00:00:00  |w 2025-07-21  |y ARXIU  |z Donació de la Subdirecció d'Edificació 
999 |c 55737  |d 55737